Agromelioračné zásahy na ťažkých pôdach VSN

Podrobná bibliografia
Hlavný autor: Raučina, Štefan (Autor)
Médium: Článok
Jazyk:slovenčina
Fyzický popis:Tb. 1.
Predmet:

MARC

LEADER 00000nab a2200000 a 4500
001 vtls000275383
003 SK-MaSNL
005 20260302213924.0
008 111130c1987 xo 0 slo
015 |a SNBRB19rr/mm-uuuuu 
035 |a CL0285497 
040 |a SNKBUCL  |b slo  |c SNKBUCL  |e AACR2 
041 0 |a slo 
044 |a xo  |c SK 
080 |a 631.62:631.445.1  |2 1981 
080 |a 631.445.1  |2 1981 
100 1 |a Raučina, Štefan  |4 aut  |9 352101 
245 1 0 |a Agromelioračné zásahy na ťažkých pôdach VSN  |c Štefan Raučina 
300 |b Tb. 1. 
650 0 7 |a meliorácie  |2 snkbucl  |9 14505 
650 0 7 |a pôda  |2 snkbucl  |9 1159 
651 7 |a Východoslovenská nížina (Slovensko)  |2 snkbucl  |9 19595 
655 7 |a články z novín a časopisov  |2 snkbucl  |9 267496 
773 0 |t Informácie MPVž SSR  |g Roč. 15, č. 2 (1987), s. 31-32 
850 |a Slovenská národná knižnica v Martine  |a MTA001 
852 |a SNK  |b KIS3GCP 
958 |a RK 
992 |a RBX 
999 |c 1495581  |d 1497511